00470cam a2200193 a 4500001000800000005001700008008004100025010001700066020001500083040001800098041000800116043001200124080001600136082002000152100000700172101000800179245005900187504003000246282465220180131043955.0831220s1984 nyu b 001 0 eng  a 83025507  a0393018687 aDLCcDLCdDLC aeng an-us--- a338.973 EDS00a338.973 EDS2191 a19 aPOL14aThe new politics of inequality /cThomas Byrne Edsall. aBibliography: p. 268-271.